The crook and the crown. #13 / Debbie Dadey ; ... Read More
Available copies
- 0 of 1 copy available at LARL/NWRL Consortium.
- 0 of 1 copy available at Lake Agassiz Regional Library. (Show preferred library)
Current holds
0 current holds with 1 total copy.
Show Only Available Copies
| Location | Call Number / Copy Notes | Barcode | Shelving Location | Status | Due Date |
|---|---|---|---|---|---|
| Hawley Public Library | J DAD (Text) | 33500013018395 | Main | Checked out | 07/07/2026 |
Record details
- ISBN: 1532142102
- ISBN: 9781532142109
- Physical Description: 106 pages : illustrations, map ; 20 cm.
- Publisher: Minneapolis, Minnesota : Spotlight, 2019.
Content descriptions
| Summary, etc.: | "Shelly Siren and her friends visit King Neptune's ... Read More "Shelly, Echo, Kiki, and Pearl are spending their ... Read More |
| Target Audience Note: | Ages 6-9. Grades 1-4. |
| Study Program Information Note: | Accelerated Reader 4.2. Accelerated Reader AR LG 4.2 1.0 179244. |
Search for related items by subject
| Genre: | Fantasy fiction. Fiction. Juvenile works. Fantasy fiction. Series. |
Search for related items by series
| LDR | 03301cam a2200625I 4500 | ||
|---|---|---|---|
| 001 | 312406 | ||
| 003 | LARL_NWRL_CONSORTIUM | ||
| 005 | 20190308203059.0 | ||
| 008 | 180907s2019 mnuab b 000 1 eng d | ||
| 040 | . | ‡aYDX ‡beng ‡cYDX ‡dBDX ‡dOCLCQ ‡dIA4 ‡dOCLCO | |
| 020 | . | ‡a1532142102 ‡q(hardcover) | |
| 020 | . | ‡a9781532142109 ‡q(hardcover) | |
| 035 | . | ‡a(OCoLC)1050621560 | |
| 100 | 1 | . | ‡aDadey, Debbie, ‡eauthor. ‡0(LARL_NWRL_CONSORTIUM)137968 |
| 245 | 1 | 4. | ‡aThe crook and the crown. ‡n#13 / ‡cDebbie Dadey ; illustrated by Tatevik Avakyan. |
| 264 | 1. | ‡aMinneapolis, Minnesota : ‡bSpotlight, ‡c2019. | |
| 300 | . | ‡a106 pages : ‡billustrations, map ; ‡c20 cm. | |
| 336 | . | ‡atext ‡btxt ‡2rdacontent | |
| 337 | . | ‡aunmediated ‡bn ‡2rdamedia | |
| 490 | 0 | . | ‡aMermaid tales ; ‡v13 |
| 521 | 1 | . | ‡aAges 6-9. |
| 521 | 2 | . | ‡aGrades 1-4. |
| 520 | . | ‡a"Shelly Siren and her friends visit King Neptune's royal castle and attend their first ball in this Mermaid Tales adventure"-- ‡cprovided by publisher. | |
| 520 | . | ‡a"Shelly, Echo, Kiki, and Pearl are spending their school vacation at Neptune's castle! Shelly's aunt, Queen Edwina, has invited the girls to stay for a whole week, and while they're there the girls can't wait to visit the Royal Orca Museum, see the Palace Library, ride seahorses, and maybe even attend a royal ball. Shelly is nervous about meeting her royal family, especially since she's never felt like a princess. But when she arrives at the castle, she is welcomed with curtsies, bows, and sea flowers. Queen Edwina even gives Shelly a sparkling tiara that she once wore as a young princess. Just as Shelly starts to relax and have fun, the tiara disappears and the girls have to find it before the queen finds out! The mergirls have a real mermystery on their fins! But will they be able to figure out who took the tiara before Shelly's royal visit turns into a royal disaster?"-- ‡cprovided by publisher. | |
| 526 | 0 | . | ‡aAccelerated Reader ‡c4.2. |
| 526 | 0 | . | ‡aAccelerated Reader AR ‡bLG ‡c4.2 ‡d1.0 ‡z179244. |
| 650 | 0. | ‡aMermaids ‡vJuvenile fiction. ‡0(LARL_NWRL_CONSORTIUM)173323 | |
| 650 | 0. | ‡aKings and rulers ‡vJuvenile fiction. ‡0(LARL_NWRL_CONSORTIUM)172662 | |
| 650 | 0. | ‡aPalaces ‡vJuvenile fiction. | |
| 650 | 0. | ‡aTiaras ‡vJuvenile fiction. | |
| 650 | 0. | ‡aLost articles ‡vJuvenile fiction. ‡0(LARL_NWRL_CONSORTIUM)173131 | |
| 650 | 0. | ‡aFriendship ‡vJuvenile fiction. ‡0(LARL_NWRL_CONSORTIUM)164914 | |
| 650 | 1. | ‡aMermaids ‡vFiction. ‡0(LARL_NWRL_CONSORTIUM)166087 | |
| 650 | 1. | ‡aKings, queens, rulers, etc. ‡vFiction. | |
| 650 | 1. | ‡aPalaces ‡vFiction. | |
| 650 | 1. | ‡aTiaras ‡vFiction. | |
| 650 | 1. | ‡aLost and found possessions ‡vFiction. | |
| 650 | 1. | ‡aFriendship ‡vFiction. ‡0(LARL_NWRL_CONSORTIUM)164944 | |
| 650 | 7. | ‡aFriendship. ‡2fast ‡0(LARL_NWRL_CONSORTIUM)20818 | |
| 650 | 7. | ‡aKings and rulers. ‡2fast ‡0(LARL_NWRL_CONSORTIUM)178458 | |
| 650 | 7. | ‡aLost articles. ‡2fast ‡0(LARL_NWRL_CONSORTIUM)39937 | |
| 650 | 7. | ‡aMermaids. ‡2fast ‡0(LARL_NWRL_CONSORTIUM)25561 | |
| 650 | 7. | ‡aPalaces. ‡2fast ‡0(LARL_NWRL_CONSORTIUM)27487 | |
| 650 | 7. | ‡aTiaras. ‡2fast | |
| 655 | 7. | ‡aFantasy fiction. ‡2fast | |
| 655 | 7. | ‡aFiction. ‡2fast | |
| 655 | 7. | ‡aJuvenile works. ‡2fast | |
| 655 | 7. | ‡aFantasy fiction. ‡2lcgft | |
| 655 | 4. | ‡aSeries. | |
| 700 | 1 | . | ‡aAvakyan, Tatevik, ‡d1983- ‡eillustrator. |
| 901 | . | ‡a312406 ‡b ‡c312406 ‡tbiblio | |

Add to basket
Permalink
Disable Highlighting